Aprendamos a elaborar exámenes escritos (Registro nro. 154)

Detalles MARC
000 -Cabecera
Campo de control de longitud fija 00677am a2200253a 44500
005 - Fecha y hora de la última transacción
Campo de control 20260427162203.0
008 - Elementos de longitud fija--Información general
Campo de control de longitud fija 150721b1993 xxu||||| |||| 00| 0 spa d
020 ## - International Standard Book Number
Número Internacional Estándar del Libro (ISBN) 9977647038
041 ## - Idioma
Código de idioma
082 ## - Clasificación Decimal Dewey
Número de clasificación 371.260.13 H557a
100 ## - Entrada principal--Autor personal
Nombre personal Hernández Poveda, Rose Mary
9 (RLIN) 2418
245 ## - Título propiamente dicho
Título Aprendamos a elaborar exámenes escritos
260 ## - Pie de imprenta
Lugar de publicación, distribución, etc. Costa Rica
260 ## - Pie de imprenta
Nombre del editor, distribuidor, etc. EUNED
260 ## - Pie de imprenta
Fecha de publicación, distribución, etc. 1993
300 ## - Descripción física
Extensión 112 páginas
490 ## - Serie
Título de la Serie Temática General
650 ## - Materia general
Temática (materia general) COSTA RICA
650 ## - Materia general
Temática (materia general) EXÁMENES ESCRITOS
650 ## - Materia general
Temática (materia general) CLASIFICACIÓN DE ÍTEMES
650 ## - Materia general
Temática (materia general) ÍTEMES DE RESPUESTA ABIERTA
650 ## - Materia general
Temática (materia general) ÍTEMES DE RESPUESTA CERRADA
942 ## - Punto de acceso adicional KOHA
Tipo de ítem KOHA Libro
Fuente del sistema de clasificación o colocación Dewey Decimal Classification
Existencias
Signatura completa Código de barras Programa Académico Tipo de ítem
371.260.13 H557a 620 Temática General Libro
371.260.13 H557a 2792 Temática General Libro